[Event "Santo Domingo La Raza op"]
[Site "Santo Domingo"]
[Date "2015.10.20"]
[Round "7"]
[White "Mendez, Ruddy Antonio"]
[Black "Almonte Almanzar, Jose Amado"]
[Result "1-0"]
[WhiteElo "2029"]
[BlackElo "1875"]
[PlyCount "29"]
[EventDate "2015.10.12"]
[EventType "swiss"]
[EventRounds "8"]
[EventCountry "DOM"]
[SourceTitle "CBM 169 Extra"]
[Source "ChessBase"]
[SourceDate "2015.12.18"]
[SourceVersion "1"]
[SourceVersionDate "2015.12.18"]
[SourceQuality "1"]

1. d4 d5 2. Nf3 Nf6 3. c4 Bg4 4. e3 e6 5. Qb3 Qc8 6. Ne5 c6 7. Nxg4 Nxg4 8. h3 Nf6 9. Nc3 Bd6 10. Bd3 Nbd7 11. 0-0 0-0 12. e4 dxe4 13. Nxe4 Nxe4 14. Bxe4 Rb8 15. Bg5 1-0

[Event "Santo Domingo op U2100 2nd"]
[Site "Santo Domingo"]
[Date "2015.06.28"]
[Round "7"]
[White "Jimenez Jimenez, Leandro"]
[Black "Almonte Almanzar, Jose Amado"]
[Result "1/2-1/2"]
[WhiteElo "1724"]
[BlackElo "1920"]
[PlyCount "79"]
[EventDate "2015.06.19"]
[EventType "swiss"]
[EventRounds "8"]
[EventCountry "DOM"]
[SourceTitle "CBM 167 Extra"]
[Source "ChessBase"]
[SourceDate "2015.09.14"]
[SourceVersion "1"]
[SourceVersionDate "2015.09.14"]
[SourceQuality "1"]

1. d4 d5 2. c4 c6 3. Nc3 Nf6 4. Nf3 Bg4 5. Ne5 Bh5 6. Qb3 b6 7. cxd5 Nxd5 8. Nxc6 Nxc6 9. Nxd5 e6 10. Nc3 Nxd4 11. Qd1 Be7 12. Be3 Bf6 13. Ne4 e5 14. Nxf6+ Qxf6 15. Bxd4 exd4 16. Qa4+ Kf8 17. Qb3 Bg6 18. Rd1 Rd8 19. e3 dxe3 20. Rxd8+ Qxd8 21. Qxe3 Qe7 22. Qxe7+ Kxe7 23. Ba6 Rd8 24. Ke2 Rd5 25. Rc1 Ra5 26. Bc4 Rc5 27. Rc3 b5 28. Re3+ Kd7 29. Bd3 Bxd3+ 30. Kxd3 Rc1 31. Rf3 Ke6 32. Re3+ Kf6 33. Rf3+ Ke6 34. Re3+ Kd7 35. Rf3 f6 36. Rg3 g6 37. Rh3 h5 38. f4 Ke6 39. Re3+ Kf7 40. g3 1/2-1/2

[Event "Santo Domingo op U2100 2nd"]
[Site "Santo Domingo"]
[Date "2015.06.20"]
[Round "2"]
[White "Del Rosario Moreno, Carlos"]
[Black "Almonte Almanzar, Jose Amado"]
[Result "1-0"]
[WhiteElo "2049"]
[BlackElo "1920"]
[PlyCount "37"]
[EventDate "2015.06.19"]
[EventType "swiss"]
[EventRounds "8"]
[EventCountry "DOM"]
[SourceTitle "CBM 167 Extra"]
[Source "ChessBase"]
[SourceDate "2015.09.14"]
[SourceVersion "1"]
[SourceVersionDate "2015.09.14"]
[SourceQuality "1"]

1. d4 d5 2. c4 e6 3. Nc3 Nf6 4. Bg5 Be7 5. Nf3 c6 6. e3 Nbd7 7. Bd3 Qa5 8. 0-0 0-0 9. a3 dxc4 10. Bxc4 b5 11. b4 Qb6 12. Bd3 a5 13. Rb1 axb4 14. axb4 Ra3 15. Qc2 Bb7 16. Bxh7+ Kh8 17. Bd3 Rfa8 18. Ne5 Qd8 19. Nxf7+ 1-0